[Event "Ljubljana-chT 71st"]
[Site "Ljubljana"]
[Date "2018.01.26"]
[Round "3.2"]
[White "Abe, Blaz"]
[Black "Hribar, Viktor"]
[Result "0-1"]
[WhiteElo "1683"]
[BlackElo "1835"]
[PlyCount "40"]
[EventDate "2018.01.11"]
[EventType "team-tourn"]
[EventRounds "9"]
[EventCountry "SLO"]
[SourceTitle "EXT 2020"]
[Source "ChessBase"]
[SourceDate "2019.10.17"]
[SourceVersion "1"]
[SourceVersionDate "2019.10.17"]
[SourceQuality "1"]
[WhiteTeam "Loka pri Mengsu"]
[BlackTeam "Bor Dob"]
[WhiteTeamCountry "SLO"]
[BlackTeamCountry "SLO"]

1. d4 Nf6 2. Nf3 g6 3. Bf4 Bg7 4. e3 0-0 5. c4 c5 6. Nc3 cxd4 7. exd4 d5 8. Nb5 Na6 9. Qb3 Be6 10. c5 Ne4 11. Bd3 Qa5+ 12. Nd2 g5 13. Be3 Naxc5 14. Qc2 Nxd3+ 15. Qxd3 Bf5 16. Qe2 a6 17. Na3 Qb4 18. 0-0 Qxb2 19. Nab1 Qxa1 20. Nb3 Nc3 0-1

[Event "Ljubljana-chT 68th Superliga"]
[Site "Ljubljana"]
[Date "2015.02.12"]
[Round "5.1"]
[White "Turek, Lan Timotej"]
[Black "Abe, Blaz"]
[Result "1-0"]
[WhiteElo "1967"]
[BlackElo "1698"]
[PlyCount "99"]
[EventDate "2015.01.08"]
[EventType "team-tourn"]
[EventRounds "9"]
[EventCountry "SLO"]
[SourceTitle "EXT 2022"]
[Source "ChessBase"]
[SourceDate "2021.10.06"]
[SourceVersion "1"]
[SourceVersionDate "2021.10.06"]
[SourceQuality "1"]
[WhiteTeam "Domzale SD"]
[BlackTeam "Loka pri Mengsu"]
[WhiteTeamCountry "SLO"]
[BlackTeamCountry "SLO"]

1. e4 d5 2. e5 Bf5 3. d4 e6 4. Bd3 Ne7 5. Bg5 Bxd3 6. Qxd3 a6 7. Ne2 h6 8. Qh3 c5 9. c3 Qb6 10. b3 Nf5 11. g4 Ne7 12. 0-0 Ng6 13. Be3 Nc6 14. f4 0-0-0 15. f5 cxd4 16. cxd4 Nge7 17. Nbc3 Nb4 18. Na4 Qb5 19. Nec3 Qe8 20. Rac1 Kb8 21. a3 Nbc6 22. Ne2 Nc8 23. Nc5 Bxc5 24. Rxc5 Qe7 25. f6 gxf6 26. Rxf6 Rdg8 27. Qh5 Rg7 28. h3 Nb6 29. Rxh6 Rhg8 30. Rh8 Nd7 31. Rxg8+ Rxg8 32. Rc1 Qxa3 33. Qxf7 Rd8 34. Bg5 Qf8 35. Qxf8 Rxf8 36. Kg2 Na5 37. Rc3 b5 38. Be7 Rf7 39. Bd6+ Kb7 40. g5 Nc6 41. h4 b4 42. Rf3 Rg7 43. Kg3 a5 44. Kg4 Nd8 45. Nf4 Kc6 46. h5 Nb6 47. g6 Nc8 48. h6 Rg8 49. h7 Rh8 50. g7 1-0

[Event "SLO-chT 1st League Central"]
[Site "Ljubljana"]
[Date "2012.10.04"]
[Round "5.2"]
[White "Abe, Blaz"]
[Black "Grasic, Marjan"]
[Result "0-1"]
[WhiteElo "1666"]
[BlackElo "1756"]
[PlyCount "86"]
[EventDate "2012.09.06"]
[EventType "team-swiss"]
[EventRounds "9"]
[EventCountry "SLO"]
[SourceTitle "EXT 2019"]
[Source "ChessBase"]
[SourceDate "2018.10.10"]
[SourceVersion "1"]
[SourceVersionDate "2018.10.10"]
[SourceQuality "1"]
[WhiteTeam "Loka Pri Mengsu"]
[BlackTeam "Barob Smarca II"]
[WhiteTeamCountry "SLO"]
[BlackTeamCountry "SLO"]

1. e4 c6 2. d4 d5 3. e5 Bf5 4. Bd3 Bg6 5. f4 e6 6. Nf3 Nd7 7. 0-0 Nh6 8. h3 Nf5 9. Kh2 Be7 10. Nc3 Bh4 11. Ne2 Be7 12. Bxf5 Bxf5 13. g4 Be4 14. Ng3 f5 15. Nd2 0-0 16. g5 Qb6 17. c3 c5 18. Ndxe4 dxe4 19. d5 Bd8 20. c4 Kh8 21. Qa4 Qc7 22. Rd1 Nb6 23. Qc2 Qd7 24. Be3 Rc8 25. Rd2 Qf7 26. Rad1 h6 27. h4 hxg5 28. hxg5 Bxg5 29. Kg2 Be7 30. Rh1+ Kg8 31. d6 Bd8 32. Kf1 Qg6 33. Rg2 Qg4 34. Bf2 g5 35. Nxe4 Qxf4 36. Nxc5 Rxc5 37. b3 Rxe5 38. Rhh2 Bf6 39. Rh6 Re3 40. Rg6+ Bg7 41. Qb2 e5 42. Rg1 g4 43. Qc1 Rf3 0-1

[Event "Ljubljana-chT 65th 1st League"]
[Site "Ljubljana"]
[Date "2012.03.15"]
[Round "8.2"]
[White "Praznik, Anton"]
[Black "Abe, Blaz"]
[Result "1-0"]
[WhiteElo "2164"]
[BlackElo "1704"]
[PlyCount "155"]
[EventDate "2012.01.12"]
[EventType "team-tourn"]
[EventRounds "9"]
[EventCountry "SLO"]
[SourceTitle "EXT 2022"]
[Source "ChessBase"]
[SourceDate "2021.10.06"]
[SourceVersion "1"]
[SourceVersionDate "2021.10.06"]
[SourceQuality "1"]
[WhiteTeam "Vrhnika"]
[BlackTeam "Loka pri Mengsu"]
[WhiteTeamCountry "SLO"]
[BlackTeamCountry "SLO"]

1. e4 d5 2. exd5 Qxd5 3. Nc3 Qa5 4. g3 Nf6 5. Bg2 c6 6. h3 Bf5 7. Nge2 e6 8. d3 Be7 9. Bd2 Qc7 10. 0-0 0-0 11. g4 Bg6 12. Nf4 Nd5 13. Ncxd5 cxd5 14. Nxg6 hxg6 15. c3 Nc6 16. Qe2 Bd6 17. d4 Bf4 18. Bxf4 Qxf4 19. Qe3 Qxe3 20. fxe3 Na5 21. e4 Nc4 22. Rf2 dxe4 23. Bxe4 Nd6 24. Bg2 Rac8 25. Re1 b6 26. Re5 Rfd8 27. Kh2 Nc4 28. Ree2 Rd6 29. Kg3 Re8 30. Re1 g5 31. Bf1 Na5 32. Rfe2 g6 33. Bg2 f5 34. d5 f4+ 35. Kf2 Nc4 36. b3 Ne3 37. c4 e5 38. Be4 Kf7 39. Rxe3 fxe3+ 40. Kxe3 Rh8 41. Bg2 Rf6 42. b4 Rc8 43. Rc1 Rf4 44. Be4 Rf6 45. c5 bxc5 46. bxc5 Ra6 47. d6 Rxd6 48. c6 Ke7 49. Rb1 Rc7 50. Rb5 Ke6 51. Rb8 Ke7 52. a4 Kf7 53. a5 Ke7 54. a6 Rdxc6 55. Bxc6 Rxc6 56. Rb7+ Ke6 57. Rxa7 Rc3+ 58. Ke4 Rxh3 59. Ra8 Ra3 60. a7 Ra4+ 61. Ke3 Ra3+ 62. Kd2 Ra2+ 63. Kd3 Ra3+ 64. Kc4 Ra4+ 65. Kb3 Ra6 66. Re8+ Kd5 67. a8Q+ Rxa8 68. Rxa8 Ke4 69. Kc2 Kf4 70. Kd3 Kxg4 71. Rg8 Kh5 72. Rh8+ Kg4 73. Ke4 Kg3 74. Rh6 g4 75. Rxg6 Kh3 76. Kxe5 g3 77. Kf4 g2 78. Rh6# 1-0

[Event "Ljubljana-chT 65th 1st League"]
[Site "Ljubljana"]
[Date "2012.02.16"]
[Round "5.2"]
[White "Abe, Blaz"]
[Black "Becic, Semso"]
[Result "0-1"]
[WhiteElo "1704"]
[BlackElo "1789"]
[PlyCount "99"]
[EventDate "2012.01.12"]
[EventType "team-tourn"]
[EventRounds "9"]
[EventCountry "SLO"]
[SourceTitle "EXT 2022"]
[Source "ChessBase"]
[SourceDate "2021.10.06"]
[SourceVersion "1"]
[SourceVersionDate "2021.10.06"]
[SourceQuality "1"]
[WhiteTeam "Loka pri Mengsu"]
[BlackTeam "Zelenci LPP"]
[WhiteTeamCountry "SLO"]
[BlackTeamCountry "SLO"]

1. d4 g6 2. Nf3 Bg7 3. g3 Nf6 4. Bg2 d5 5. 0-0 0-0 6. c3 Bf5 7. Re1 Nbd7 8. Nbd2 c5 9. dxc5 Nxc5 10. Nb3 Nce4 11. Nfd4 Qc8 12. Bf4 Bh3 13. Nb5 Bxg2 14. Kxg2 Qc6 15. N3d4 Qd7 16. f3 e5 17. Bxe5 Ng5 18. Bxf6 Bxf6 19. g4 a6 20. Na3 Rfe8 21. h4 Ne6 22. Nxe6 Rxe6 23. g5 Be7 24. Nc2 Re8 25. e4 Bc5 26. exd5 Re5 27. Rxe5 Rxe5 28. c4 Qe7 29. Qd3 Re2+ 30. Kh1 Bd6 31. Rd1 Rh2+ 32. Kg1 Rxh4 33. Qd2 Bc5+ 34. Kg2 Qe5 35. Rh1 Rxc4 36. Re1 Qf5 37. Re8+ Kg7 38. Ne3 Bxe3 39. Qxe3 Qxd5 40. Qe7 Rg4+ 41. Kf2 Qd2+ 42. Qe2 Qxe2+ 43. Kxe2 Rxg5 44. Kf2 Rb5 45. b3 a5 46. Re7 a4 47. bxa4 Rb2+ 48. Kg3 Rxa2 49. Rxb7 Rxa4 50. Rc7 0-1

[Event "Ljubljana-chT 64th 2nd League"]
[Site "Ljubljana"]
[Date "2011.03.10"]
[Round "7.2"]
[White "Jeglic, Uros"]
[Black "Abe, Blaz"]
[Result "1-0"]
[WhiteElo "1540"]
[BlackElo "1748"]
[PlyCount "69"]
[EventDate "2011.01.13"]
[EventType "team-tourn"]
[EventRounds "9"]
[EventCountry "SLO"]
[SourceTitle "EXT 2022"]
[Source "ChessBase"]
[SourceDate "2021.10.06"]
[SourceVersion "1"]
[SourceVersionDate "2021.10.06"]
[SourceQuality "1"]

1. d4 d5 2. c4 c6 3. Nc3 Nf6 4. Bg5 e6 5. Nf3 Be7 6. Bxf6 Bxf6 7. e3 Nd7 8. cxd5 exd5 9. Bd3 Nb6 10. 0-0 Bg4 11. Be2 0-0 12. h3 Bh5 13. Nh2 Bg6 14. Ng4 Re8 15. a4 Nd7 16. b4 b6 17. b5 Qc7 18. Rc1 Re6 19. Nxd5 Qb7 20. bxc6 Rxc6 21. Rxc6 Qxc6 22. Ngxf6+ Kh8 23. Nxd7 Qxd7 24. Nb4 Be4 25. Bf3 Re8 26. Bxe4 Rxe4 27. Qc2 Rh4 28. Rc1 g6 29. Qc8+ Qxc8 30. Rxc8+ Kg7 31. Rc7 a5 32. Nd5 Rh5 33. Nxb6 h6 34. d5 Re5 35. d6 1-0

[Event "Ljubljana-chT 64th 2nd League"]
[Site "Ljubljana"]
[Date "2011.02.19"]
[Round "5.2"]
[White "Novakovic, Gosto"]
[Black "Abe, Blaz"]
[Result "1-0"]
[WhiteElo "1710"]
[BlackElo "1748"]
[PlyCount "85"]
[EventDate "2011.01.13"]
[EventType "team-tourn"]
[EventRounds "9"]
[EventCountry "SLO"]
[SourceTitle "EXT 2022"]
[Source "ChessBase"]
[SourceDate "2021.10.06"]
[SourceVersion "1"]
[SourceVersionDate "2021.10.06"]
[SourceQuality "1"]

1. d4 d5 2. c4 c6 3. e3 Nf6 4. Nc3 Bf5 5. f3 e6 6. Bd3 Bg6 7. Nge2 Bd6 8. 0-0 Qc7 9. g3 dxc4 10. Bxc4 Nbd7 11. e4 Qb6 12. Be3 Ne5 13. Na4 Qb4 14. dxe5 Bxe5 15. Bb3 Rd8 16. Qe1 Qb5 17. Bxa7 Bc7 18. Bf2 Rd3 19. Nd4 Qe5 20. Rd1 Rxd1 21. Qxd1 0-0 22. Ne2 h5 23. Bd4 Qg5 24. h4 Qb5 25. Nac3 Qa6 26. Bxf6 gxf6 27. Nf4 Qb6+ 28. Kg2 Bxf4 29. gxf4 Kh8 30. Qd2 Rd8 31. Qf2 Qc7 32. Qe3 Rg8 33. Kh3 Qd7 34. Rd1 Qc8 35. Kh2 Qc7 36. e5 Qa5 37. Rd7 Qa6 38. Ne2 Qa5 39. Ng3 Qb5 40. f5 Kh7 41. fxg6+ Rxg6 42. Rxf7+ Kh8 43. Rxf6 1-0

[Event "SLO-chT Central 2nd League"]
[Site "Slovenia"]
[Date "2010.10.21"]
[Round "6.2"]
[White "Abe, Blaz"]
[Black "Dobrovoljc, Vid"]
[Result "1-0"]
[WhiteElo "1664"]
[BlackElo "1527"]
[PlyCount "99"]
[EventDate "2010.09.09"]
[EventType "team-tourn"]
[EventRounds "9"]
[EventCountry "SLO"]
[SourceTitle "EXT 2022"]
[Source "ChessBase"]
[SourceDate "2021.10.06"]
[SourceVersion "1"]
[SourceVersionDate "2021.10.06"]
[SourceQuality "1"]
[WhiteTeam "Loka pri Mengsu"]
[BlackTeam "Dolenjske Toplice"]
[WhiteTeamCountry "SLO"]
[BlackTeamCountry "SLO"]

1. d4 d5 2. c4 e6 3. Nc3 Nf6 4. Nf3 h6 5. Bf4 Bb4 6. e3 c6 7. Bd3 0-0 8. 0-0 Bxc3 9. bxc3 Ne4 10. Bxe4 dxe4 11. Ne5 Nd7 12. Ng4 Kh7 13. f3 f5 14. Nf2 Nf6 15. fxe4 fxe4 16. Qc2 Nh5 17. Qxe4+ Kh8 18. Ng4 Nxf4 19. Rxf4 Bd7 20. Rxf8+ Qxf8 21. Ne5 Qe8 22. Rf1 b5 23. Ng6+ Kg8 24. cxb5 cxb5 25. Rf8+ Qxf8 26. Nxf8 Rxf8 27. Qb7 Bc8 28. Qxb5 Kh8 29. Qc5 Kg8 30. Qxa7 Rf7 31. Qb8 Rf8 32. Qd6 Re8 33. a4 Kh8 34. a5 Bb7 35. Qd7 Rb8 36. Qc7 Ra8 37. Qxb7 Rxa5 38. Qc8+ Kh7 39. Qxe6 Ra1+ 40. Kf2 Ra2+ 41. Qxa2 Kh8 42. c4 Kh7 43. c5 Kh8 44. c6 g5 45. c7 Kg7 46. c8R Kg6 47. Rg8+ Kh5 48. Qe2+ Kh4 49. g3+ Kh3 50. Qh5# 1-0

[Event "SLO-chT Central 2nd League"]
[Site "Slovenia"]
[Date "2010.10.07"]
[Round "4.2"]
[White "Abe, Blaz"]
[Black "Bremec, Edvard"]
[Result "1-0"]
[WhiteElo "1664"]
[BlackElo "1746"]
[PlyCount "97"]
[EventDate "2010.09.09"]
[EventType "team-tourn"]
[EventRounds "9"]
[EventCountry "SLO"]
[SourceTitle "EXT 2022"]
[Source "ChessBase"]
[SourceDate "2021.10.06"]
[SourceVersion "1"]
[SourceVersionDate "2021.10.06"]
[SourceQuality "1"]
[WhiteTeam "Loka pri Mengsu"]
[BlackTeam "Duplica Balin"]
[WhiteTeamCountry "SLO"]
[BlackTeamCountry "SLO"]

1. d4 d5 2. c4 c6 3. Nc3 Nf6 4. Bg5 e6 5. Nf3 Be7 6. e3 Qb6 7. Qc2 Na6 8. c5 Qb4 9. a3 Qa5 10. Qc1 Ne4 11. Bxe7 Kxe7 12. Bd3 Nxc3 13. Qxc3 Qxc3+ 14. bxc3 Nc7 15. c4 g6 16. Rb1 Rb8 17. Kd2 f6 18. h4 Bd7 19. g4 b6 20. cxb6 axb6 21. a4 c5 22. dxc5 bxc5 23. a5 e5 24. Nh2 d4 25. Rb6 Rxb6 26. axb6 Bc6 27. Ra1 Ra8 28. bxc7 Rc8 29. h5 e4 30. Be2 Rxc7 31. exd4 cxd4 32. Nf1 Rb7 33. Kc1 Kd6 34. Ra5 Rb4 35. c5+ Ke5 36. Ra7 Bb5 37. Bxb5 Rxb5 38. Rxh7 Rxc5+ 39. Kd2 Kf4 40. hxg6 Rg5 41. g7 Kf3 42. Ke1 e3 43. Rh3+ Kf4 44. fxe3+ dxe3 45. Rh7 e2 46. Kxe2 Kxg4 47. Ne3+ Kf4 48. Nd5+ Ke5 49. Ne7 1-0

[Event "SLO-chT Central 2nd League"]
[Site "Slovenia"]
[Date "2010.09.16"]
[Round "2.2"]
[White "Suhadolnik, Jernej"]
[Black "Abe, Blaz"]
[Result "1/2-1/2"]
[WhiteElo "1520"]
[BlackElo "1664"]
[PlyCount "91"]
[EventDate "2010.09.09"]
[EventType "team-tourn"]
[EventRounds "9"]
[EventCountry "SLO"]
[SourceTitle "EXT 2022"]
[Source "ChessBase"]
[SourceDate "2021.10.06"]
[SourceVersion "1"]
[SourceVersionDate "2021.10.06"]
[SourceQuality "1"]
[WhiteTeam "Podpec Invec"]
[BlackTeam "Loka pri Mengsu"]
[WhiteTeamCountry "SLO"]
[BlackTeamCountry "SLO"]

1. e4 d5 2. exd5 Qxd5 3. Nc3 Qa5 4. d4 Nf6 5. Bd2 c6 6. Ne4 Qb6 7. Nxf6+ exf6 8. Bc3 Bd6 9. Nf3 0-0 10. Be2 Bf5 11. 0-0 Na6 12. a3 Rfe8 13. b3 Nc7 14. Bb2 Nd5 15. g3 Qa5 16. Bc4 Nc3 17. Qd2 Ne2+ 18. Bxe2 Qxd2 19. Nxd2 Rxe2 20. Nc4 Bc7 21. c3 b5 22. Ne3 Rxb2 23. Nxf5 Rxb3 24. Rfe1 Rxc3 25. Re7 Bb6 26. Rd7 Rd8 27. Re1 Rf8 28. Rb7 g6 29. Nd6 Bxd4 30. Rd1 c5 31. Rxa7 Rb3 32. Re1 Be5 33. Ne4 Rc8 34. f4 Bd4+ 35. Kg2 Re3 36. Nxf6+ Kg7 37. Rb1 Kxf6 38. Rxb5 Re2+ 39. Kh3 Bg1 40. Rb6+ Kg7 41. Rbb7 Rxh2+ 42. Kg4 h5+ 43. Kg5 Rf8 44. Ra6 Kg8 45. Kh6 Rg2 46. Rxg6+ 1/2-1/2

[Event "Ljubljana-chT 63rd 2nd League"]
[Site "Ljubljana"]
[Date "2010.02.11"]
[Round "5.2"]
[White "Abe, Blaz"]
[Black "Mlakar, Slavko"]
[Result "0-1"]
[WhiteElo "1703"]
[BlackElo "1697"]
[PlyCount "116"]
[EventDate "2010.01.07"]
[EventType "team-tourn"]
[EventRounds "9"]
[EventCountry "SLO"]
[SourceTitle "EXT 2022"]
[Source "ChessBase"]
[SourceDate "2021.10.06"]
[SourceVersion "1"]
[SourceVersionDate "2021.10.06"]
[SourceQuality "1"]
[WhiteTeam "Loka pri Mengsu"]
[BlackTeam "Dom In Agencija Neprem"]
[WhiteTeamCountry "SLO"]
[BlackTeamCountry "SLO"]

1. d4 Nf6 2. Nf3 e6 3. Bf4 b6 4. e3 d5 5. c3 Bd6 6. Bg3 c5 7. Bb5+ Ke7 8. Ne5 Qc7 9. Qa4 Bb7 10. Na3 c4 11. Qc2 a6 12. Ba4 Ne4 13. Qb1 b5 14. Bd1 b4 15. cxb4 Bxb4+ 16. Kf1 Nd2+ 17. Kg1 Nxb1 18. Ng6+ hxg6 19. Bxc7 Nxa3 20. bxa3 Bxa3 21. Rb1 Bc6 22. Kf1 Bd6 23. Ba5 Rxh2 24. Rxh2 Bxh2 25. g3 Nd7 26. Bb4+ Kf6 27. Bd6 e5 28. Kg2 Rh8 29. Bg4 exd4 30. exd4 Kg5 31. Bh3 Bxg3 32. Kxg3 Rh4 33. f4+ Kh5 34. Rh1 g5 35. Bg4+ Kg6 36. f5+ Kh7 37. Rxh4+ gxh4+ 38. Kxh4 Nf6 39. Bf3 Ne4 40. Bb4 g6 41. Kg4 Bd7 42. Kf4 Bxf5 43. Ke5 Be6 44. Bxe4 dxe4 45. Kxe4 f6 46. d5 Bd7 47. Be7 Kg7 48. Kd4 Kf7 49. Bb4 Bb5 50. a4 Bxa4 51. Kxc4 Ke8 52. d6 Kd7 53. Kd5 Bc6+ 54. Kd4 Ke6 55. Ba3 f5 56. Ke3 g5 57. Kf2 f4 58. Bb4 Ke5 0-1

[Event "Ljubljana-chT 63rd 2nd League"]
[Site "Ljubljana"]
[Date "2010.01.07"]
[Round "1.2"]
[White "Abe, Blaz"]
[Black "Menart, Stane"]
[Result "1/2-1/2"]
[WhiteElo "1703"]
[BlackElo "1533"]
[PlyCount "58"]
[EventDate "2010.01.07"]
[EventType "team-tourn"]
[EventRounds "9"]
[EventCountry "SLO"]
[SourceTitle "EXT 2022"]
[Source "ChessBase"]
[SourceDate "2021.10.06"]
[SourceVersion "1"]
[SourceVersionDate "2021.10.06"]
[SourceQuality "1"]
[WhiteTeam "Loka pri Mengsu"]
[BlackTeam "Ljubljana Toplarna"]
[WhiteTeamCountry "SLO"]
[BlackTeamCountry "SLO"]

1. d4 d5 2. c4 Bf5 3. Nc3 c6 4. Bf4 e6 5. e3 Bd6 6. Bg3 Nf6 7. Nf3 h6 8. c5 Bxg3 9. hxg3 Ne4 10. Nxe4 Bxe4 11. Bd3 Qa5+ 12. Qd2 Qxd2+ 13. Kxd2 Bxf3 14. gxf3 Nd7 15. b4 e5 16. Bf5 exd4 17. Bxd7+ Kxd7 18. exd4 Rhe8 19. Rae1 Rxe1 20. Rxe1 a5 21. bxa5 Rxa5 22. Ra1 Ra3 23. f4 Kc7 24. Kc2 Rf3 25. Rf1 b5 26. cxb6+ Kxb6 27. Kd2 Kc7 28. Ke2 Ra3 29. Ra1 Kd6 1/2-1/2

[Event "SLO-ch U14"]
[Site "Rogaska Slatina"]
[Date "2009.02.24"]
[Round "4"]
[White "Abe, Blaz"]
[Black "Vida, Dorian"]
[Result "1-0"]
[WhiteElo "1633"]
[BlackElo "1526"]
[PlyCount "89"]
[EventDate "2009.02.22"]
[EventType "swiss"]
[EventRounds "9"]
[EventCountry "SLO"]
[SourceTitle "CBM 129 Extra"]
[Source "ChessBase"]
[SourceDate "2009.05.05"]
[SourceVersion "2"]
[SourceVersionDate "2009.05.20"]
[SourceQuality "1"]

1. d4 Nf6 2. c4 e6 3. Nc3 d5 4. Bg5 Be7 5. Nf3 Nbd7 6. e3 0-0 7. Bd3 b6 8. 0-0 Bb7 9. Rc1 c5 10. dxc5 Nxc5 11. cxd5 Nxd5 12. Bxe7 Qxe7 13. Bb1 g6 14. a3 Rfd8 15. Qc2 Rac8 16. Nxd5 Bxd5 17. Qe2 Qf6 18. e4 Bb7 19. b4 Ba6 20. b5 Bb7 21. h3 Qf4 22. Rc4 f5 23. exf5 Bxf3 24. gxf3 Qg5+ 25. Rg4 Qf6 26. fxg6 Kh8 27. gxh7 Nb3 28. Kh2 Nd4 29. Qe4 Nxf3+ 30. Kg2 Nd2 31. Qe2 Nxf1 32. Qxf1 Rc7 33. Qe2 Rg7 34. Qe3 Rxg4+ 35. hxg4 Rd5 36. Qc1 Rc5 37. Qe3 Rxb5 38. Qe4 Qd8 39. Qg6 Ra5 40. Ba2 Rg5 41. Qxe6 Kxh7 42. Qf7+ Kh8 43. Be6 Re5 44. Bb3 Qe7 45. Qg8# 1-0

[Event "SLO-ch U14"]
[Site "Rogaska Slatina"]
[Date "2009.02.22"]
[Round "2"]
[White "Abe, Blaz"]
[Black "Kunej, Timon"]
[Result "1/2-1/2"]
[WhiteElo "1633"]
[BlackElo "1626"]
[PlyCount "47"]
[EventDate "2009.02.22"]
[EventType "swiss"]
[EventRounds "9"]
[EventCountry "SLO"]
[SourceTitle "CBM 129 Extra"]
[Source "ChessBase"]
[SourceDate "2009.05.05"]
[SourceVersion "2"]
[SourceVersionDate "2009.05.20"]
[SourceQuality "1"]

1. d4 Nf6 2. c4 e6 3. Nc3 Bb4 4. a3 Bxc3+ 5. bxc3 d5 6. Bg5 Nbd7 7. e3 b6 8. Nf3 0-0 9. Bd3 Bb7 10. 0-0 c5 11. Qc2 h6 12. Bxf6 Nxf6 13. Ne5 dxc4 14. Bxc4 cxd4 15. cxd4 Rc8 16. Qb3 Ne4 17. Rfd1 Qg5 18. f3 Nd6 19. e4 Nxc4 20. Nxc4 Ba6 21. Nb2 Rc7 22. d5 exd5 23. Rxd5 Qf4 24. Rf5 1/2-1/2

[Event "SLO-ch U14"]
[Site "Rogaska Slatina"]
[Date "2009.02.22"]
[Round "1"]
[White "Pungarcic, Tine"]
[Black "Abe, Blaz"]
[Result "1-0"]
[WhiteElo "1520"]
[BlackElo "1633"]
[PlyCount "39"]
[EventDate "2009.02.22"]
[EventType "swiss"]
[EventRounds "9"]
[EventCountry "SLO"]
[SourceTitle "CBM 129 Extra"]
[Source "ChessBase"]
[SourceDate "2009.05.05"]
[SourceVersion "2"]
[SourceVersionDate "2009.05.20"]
[SourceQuality "1"]

1. e4 d5 2. exd5 Qxd5 3. Nc3 Qa5 4. Nf3 Bg4 5. Be2 Nf6 6. 0-0 e6 7. d4 c6 8. Re1 Bd6 9. Ne5 Bxe2 10. Rxe2 Nbd7 11. f4 0-0-0 12. Nxf7 Kb8 13. Nxd6 Rhf8 14. Nce4 Nxe4 15. Nxe4 e5 16. fxe5 Nxe5 17. Bd2 Qb6 18. Nc5 Qxb2 19. c3 Nc4 20. Bf4+ 1-0

[Event "Ljubljana-chT 62nd 1st League"]
[Site "Ljubljana"]
[Date "2009.01.15"]
[Round "2.2"]
[White "Djurdjevic, Vlastimir"]
[Black "Abe, Blaz"]
[Result "1/2-1/2"]
[WhiteElo "1563"]
[BlackElo "1633"]
[PlyCount "66"]
[EventDate "2009.01.08"]
[EventType "team-tourn"]
[EventRounds "9"]
[EventCountry "SLO"]
[SourceTitle "EXT 2022"]
[Source "ChessBase"]
[SourceDate "2021.10.06"]
[SourceVersion "1"]
[SourceVersionDate "2021.10.06"]
[SourceQuality "1"]
[WhiteTeam "Zeleznicar"]
[BlackTeam "Loka pri Mengsu"]
[WhiteTeamCountry "SLO"]
[BlackTeamCountry "SLO"]

1. e4 d5 2. exd5 Qxd5 3. Nc3 Qd8 4. d4 Nc6 5. Be3 Bf5 6. Bb5 a6 7. Bxc6+ bxc6 8. Nge2 Nf6 9. 0-0 e6 10. Ng3 Bg6 11. Nce2 Be7 12. Nf4 Rb8 13. Nxg6 hxg6 14. b3 Nd5 15. c4 Nxe3 16. fxe3 Bd6 17. Qf3 Qd7 18. c5 Bxg3 19. Qxg3 Ke7 20. Qg5+ Ke8 21. Rf3 Rh5 22. Qg3 Rh6 23. Qg4 f6 24. Rh3 Rxh3 25. Qxg6+ Qf7 26. Qxf7+ Kxf7 27. gxh3 Rh8 28. Kg2 Rh5 29. Rc1 Rg5+ 30. Kf3 Rf5+ 31. Kg3 Rg5+ 32. Kf3 Rf5+ 33. Kg3 Rg5+ 1/2-1/2